Linear gel/polymer system based on radiation prevulcanized natural rubber latex (Record no. 62196)

MARC details
000 -LEADER
fixed length control field 00421nam a2200133Ia 4500
100 ## - MAIN ENTRY--AUTHOR NAME
Personal name Karunaratne S W
245 #0 - TITLE STATEMENT
Title Linear gel/polymer system based on radiation prevulcanized natural rubber latex
260 ## - PUBLICATION, DISTRIBUTION, ETC. (IMPRINT)
Name of publisher Journal of the Rubber Research Institute of Sri Lanka
Year of publication 1985
300 ## - PHYSICAL DESCRIPTION
Number of Pages 29-32
650 ## - SUBJECT ADDED ENTRY--TOPICAL TERM
Topical Term Natural rubber latex
700 ## - ADDED ENTRY--PERSONAL NAME
Personal name Fernando W S E
942 ## - ADDED ENTRY ELEMENTS (KOHA)
Koha item type Journals
Holdings
Withdrawn status Lost status Damaged status Not for loan Home library Current library Shelving location Date acquired Serial Enumeration / chronology Koha item type
      Journals RRII Library RRII Library Rubber chemistry 17/12/2021 Volume 64, Issue Journals